Vista normal
Vista MARC
Entrada Meeting Name
Número de registros utilizados en: 1
001 - CONTROL NUMBER
- control field: 9155
003 - CONTROL NUMBER IDENTIFIER
- control field: OSt
005 - DATE AND TIME OF LATEST TRANSACTION
- control field: 20200824190814.0
008 - FIXED-LENGTH DATA ELEMENTS
- fixed length control field: 200824|| aca||aabn | a|a d
040 ## - CATALOGING SOURCE
- Original cataloging agency: OSt
- Transcribing agency: OSt
111 ## - HEADING--MEETING NAME
- Meeting name or jurisdiction name as entry element: Colombia. Memorias del tercer congreso colombiano de seguridad social : (Noviembre : 1991 :
- Location of meeting: Cali)
670 ## - SOURCE DATA FOUND
- Source citation: Work cat.: (OSt)6061: Colombia. Memorias del tercer congreso colombiano de seguridad social : (Noviembre : 1991 : Cali), La seguridad social frente a la constitución nacional / , 1991.